| 000 | 00439nam a2200181Ia 4500 | ||
|---|---|---|---|
| 005 | 20250603145321.0 | ||
| 008 | 250603s9999 xx 000 0 und d | ||
| 020 | _a9788122408171 | ||
| 050 | _aTJ 1185 .A35/ | ||
| 100 | _aAdithan, M. | ||
| 245 | 0 | _aManufacturing technology | |
| 260 | _aNew Delhi | ||
| 260 | _bNew Age International Limited, Publishers | ||
| 260 | _c1996 | ||
| 300 | _a372 p | ||
| 650 | _aNew Delhi | ||
| 942 | _cBK | ||
| 999 |
_c41506 _d41506 |
||